Tribhuvan University Central Library

Majhi- Nepali shabdakosha (Record no. 100360)

MARC details
000 -LEADER
fixed length control field 00446nam a22001577a 4500
008 - FIXED-LENGTH DATA ELEMENTS--GENERAL INFORMATION
fixed length control field 210802b |||||||| |||| 00| 0 eng d
020 ## - INTERNATIONAL STANDARD BOOK NUMBER
International Standard Book Number 9789937295789
082 ## - DEWEY DECIMAL CLASSIFICATION NUMBER
Classification number N495.513.M541m
100 ## - MAIN ENTRY--PERSONAL NAME
Personal name Majhi, Dhan
245 ## - TITLE STATEMENT
Title Majhi- Nepali shabdakosha
250 ## - EDITION STATEMENT
Edition statement 2nd
260 ## - PUBLICATION, DISTRIBUTION, ETC.
Place of publication, distribution, etc. Lalitpur:
Name of publisher, distributor, etc. Nepal Sarakar Aadibasi Janajati Utthan Rashtriya Pratishthan,
Date of publication, distribution, etc. 2072BS
300 ## - PHYSICAL DESCRIPTION
Extent 464
650 ## - SUBJECT ADDED ENTRY--TOPICAL TERM
Topical term or geographic name entry element Nepali language-Dictionary
942 ## - ADDED ENTRY ELEMENTS (KOHA)
Source of classification or shelving scheme Dewey Decimal Classification
Koha item type Reference Collections
Holdings
Withdrawn status Lost status Source of classification or shelving scheme Damaged status Not for loan Home library Current library Date acquired Total Checkouts Full call number Barcode Date last seen Price effective from Koha item type
    Dewey Decimal Classification     Tribhuvan University Central Library Tribhuvan University Central Library 08/02/2021   N495.513.M541m G79996 08/02/2021 08/02/2021 Reference Collections